000 00406nam a2200181Ia 4500
005 20240823014348.0
008 240823s9999||||xx |||||||||||||| ||und||
041 _aENGLISH
082 _A614.5998
100 _a"Cowan,David"
245 0 _aCoping with Ear Problems
250 _a1st
260 _b"Family Books,New "
500 _aYES
650 _aGeneral
_bGeneral
942 _cBK
999 _c169860
_d169860